[Event "San Francisco Leighton Memorial"]
[Site "San Francisco"]
[Date "2015.09.01"]
[Round "5"]
[White "Harris, Clarence"]
[Black "Ayinala, Nihar"]
[Result "1-0"]
[WhiteElo "1507"]
[BlackElo "1240"]
[PlyCount "43"]
[EventDate "2015.08.04"]
[EventType "swiss"]
[EventRounds "9"]
[EventCountry "USA"]
[SourceTitle "EXT 2023"]
[Source "ChessBase"]
[SourceDate "2022.10.05"]
[SourceVersion "1"]
[SourceVersionDate "2022.10.05"]
[SourceQuality "1"]

1. e4 c5 2. Nc3 Nc6 3. g3 g6 4. Bg2 Bg7 5. d3 e6 6. f4 Nge7 7. Nf3 0-0 8. 0-0 b6 9. Be3 Bb7 10. e5 d5 11. Bf2 d4 12. Ne4 Nd5 13. Nd6 Qd7 14. Nxb7 Qxb7 15. Nd2 Qd7 16. Ne4 Rfd8 17. Nd6 Nce7 18. Qe2 Nc8 19. Ne4 f5 20. exf6 Nxf6 21. Nxf6+ Bxf6 22. Bxa8 1-0

[Event "San Francisco Leighton Memorial"]
[Site "San Francisco"]
[Date "2015.08.04"]
[Round "1"]
[White "Ayinala, Nihar"]
[Black "Starr, Albert Martin"]
[Result "0-1"]
[WhiteElo "1240"]
[BlackElo "1719"]
[PlyCount "36"]
[EventDate "2015.08.04"]
[EventType "swiss"]
[EventRounds "9"]
[EventCountry "USA"]
[SourceTitle "EXT 2023"]
[Source "ChessBase"]
[SourceDate "2022.10.05"]
[SourceVersion "1"]
[SourceVersionDate "2022.10.05"]
[SourceQuality "1"]

1. c4 e6 2. Nc3 c5 3. g3 a6 4. Bg2 Qc7 5. e3 Nc6 6. Nge2 Rb8 7. 0-0 b5 8. cxb5 axb5 9. a3 g6 10. Rb1 Nge7 11. b4 c4 12. Bb2 Bg7 13. Qc2 0-0 14. Nd1 d5 15. Bxg7 Kxg7 16. Qb2+ Qe5 17. Qxe5+ Nxe5 18. Nd4 Nd3 0-1

[Event "San Francisco TNM Winter op"]
[Site "San Francisco"]
[Date "2015.02.10"]
[Round "6"]
[White "McCarty Snead, Fianna P"]
[Black "Ayinala, Nihar"]
[Result "0-1"]
[WhiteElo "588"]
[BlackElo "1030"]
[PlyCount "40"]
[EventDate "2015.01.06"]
[EventType "swiss"]
[EventRounds "8"]
[EventCountry "USA"]
[SourceTitle "EXT 2016"]
[Source "ChessBase"]
[SourceDate "2015.10.08"]
[SourceVersion "1"]
[SourceVersionDate "2015.10.08"]
[SourceQuality "1"]

1. e4 c5 2. Nf3 Nc6 3. Nc3 g6 4. d4 cxd4 5. Nxd4 Bg7 6. Nxc6 bxc6 7. Bc4 e6 8. Bf4 Ne7 9. 0-0 0-0 10. Qg4 d5 11. Bd3 dxe4 12. Bxe4 e5 13. Bg5 Bxg4 14. Bf3 Bxf3 15. gxf3 Rb8 16. Rfd1 Qc7 17. Ne4 Rxb2 18. Nc5 Rxc2 19. Nd7 Rd8 20. Rd3 Rxd7 0-1

[Event "San Francisco TNM Fall op"]
[Site "San Francisco"]
[Date "2014.12.16"]
[Round "8"]
[White "Ayinala, Nihar"]
[Black "Henriques, Keith"]
[Result "1-0"]
[WhiteElo "1108"]
[BlackElo "267"]
[PlyCount "53"]
[EventDate "2014.10.21"]
[EventType "swiss"]
[EventRounds "8"]
[EventCountry "USA"]
[SourceTitle "EXT 2016"]
[Source "ChessBase"]
[SourceDate "2015.10.08"]
[SourceVersion "1"]
[SourceVersionDate "2015.10.08"]
[SourceQuality "1"]

1. c4 e5 2. Nc3 Nc6 3. g3 f6 4. Bg2 Bd6 5. e3 Nge7 6. Nge2 0-0 7. 0-0 Ng6 8. b3 a6 9. Bb2 h6 10. d4 exd4 11. exd4 Re8 12. Bd5+ Kh8 13. Be4 Nge7 14. Nd5 Nxd5 15. Bxd5 Nb4 16. Qd2 a5 17. Nf4 Bxf4 18. Qxf4 g5 19. Qf5 Nxd5 20. Qxd5 c6 21. Qf5 d6 22. Qf3 Kg7 23. Rae1 Rxe1 24. Rxe1 Bd7 25. d5 Qc7 26. Qxf6+ Kh7 27. Qg7# 1-0